Qui sont ces artistes French Touch? - Statistiques

Statistiques générales
  • Ce quiz a été pris 32 fois
  • Le résultat moyen est 4 sur 20
Statistiques - réponses
Par images Réponse % Correct
Daft Punk
100%
Justice
41%
Kavinsky
38%
SebastiAN
28%
Sébastien Tellier
28%
Cassius
21%
DJ Medhi
21%
Étienne de Crécy
21%
Air
17%
Breakbot
14%
Gesaffelstein
14%
M83
10%
Alex Gopher
7%
Vitalic
7%
Yuksek
7%
Alan Braxe
3%
A-Trak
3%
Chromeo
3%
Fred Falke
3%
Irfane
3%
Aucun quiz correspondant
Distribution des résultats
% des personnes avec chaque résultat
Percentile par nombre de réponses
Votre historique - résultats
Vous n’avez pas pris ce quiz